Main Women Characters in Movies by Last Name - Statistics

General Stats
  • This quiz has been taken 1,352 times
  • The average score is 9 of 22
Answer Stats
Hint Answer % Correct
Croft Lara
81%
O'Hara Scarlett
81%
Eyre Jane
79%
Swan Bella
70%
Everdeen Katniss
69%
Connor Sarah
69%
Woods Elle
63%
Bennett Elizabeth
52%
Starling Clarice
50%
Ripley Ellen
48%
Jones Bridget
45%
Darling Wendy
35%
Salander Lisbeth
28%
Woodhouse Emma
26%
Shirley Anne
20%
Poulain Amelie
19%
Summers Buffy
18%
Dashwood Elinor
14%
Pierce Mildred
12%
Ravenwood Marion
9%
White Carrie
5%
Albright Sally
5%
No matching quizzes found
Score Distribution
Percent of People with Each Score
Percentile by Number Answered
Your Score History
You have not taken this quiz